书目信息 |
| 题名: |
图书馆发展战略规划与趋势
|
|
| 作者: | 本书编写组 | |
| 分册: | ||
| 出版信息: | 北京 海洋出版社 2016.03 |
|
| 页数: | 295页 | |
| 开本: | 20cm | |
| 丛书名: | ||
| 单 册: | ||
| 中图分类: | G259.2 | |
| 科图分类: | ||
| 主题词: | 图书馆学 , 图书馆事业 | |
| 电子资源: | ||
| ISBN: | 7-5027-9351-8 | |
| 000 | 00624nam0 2200205 450 | |
| 001 | 2983 | |
| 005 | 20161207150312.81 | |
| 010 | @a7-5027-9351-8@dCNY48.00 | |
| 100 | @a20150811d2016 km y0chiy0120 ea | |
| 101 | 0 | @achi |
| 102 | @aCN@b110000 | |
| 200 | 1 | @a图书馆发展战略规划与趋势@Atu shu guan fa zhan zhan lue gui hua yu qu shi@f本书编写组@Fben shu bian xie zu |
| 210 | @a北京@c海洋出版社@d2016.03 | |
| 215 | @a295页@d20cm | |
| 330 | @a公共图书馆·图书馆工作·研究· | |
| 606 | 0 | @a图书馆学 |
| 606 | 0 | @a图书馆事业 |
| 690 | @aG259.2@v4 | |
| 801 | 0 | @aCN@b大连网信软件有限公司图书馆·11@c20161207 |
| 905 | @aZUCC@dG259.2@e33 | |
| 图书馆发展战略规划与趋势/本书编写组.-北京:海洋出版社,2016.03 |
| 295页;20cm |
| ISBN 7-5027-9351-8:CNY48.00 |
| 公共图书馆·图书馆工作·研究· |
| ● |
| 相关链接 |
|
|
|
|
正题名:图书馆发展战略规划与趋势
索取号:G259.2/33
 
预约/预借
| 序号 | 登录号 | 条形码 | 馆藏地/架位号 | 状态 | 备注 |
| 1 | 912391 | 209123919 | 第一样本阅览室/ [索取号:G259.2/33] | 在馆 | |
| 2 | 912392 | 209123928 | 第四借阅区/ [索取号:G259.2/33] | 在馆 | |
| 3 | 912393 | 209123937 | 第四借阅区/ [索取号:G259.2/33] | 在馆 | |
| 4 | 912394 | 209123946 | 第四借阅区/ [索取号:G259.2/33] | 在馆 |